| 000 | 01466nam a2200385Ia 4500 | ||
|---|---|---|---|
| 001 | ebr10678746 | ||
| 003 | CaPaEBR | ||
| 006 | m u | ||
| 007 | cr cn||||||||| | ||
| 008 | 120828s2012 caua sb 000 0 eng d | ||
| 010 | _z 2012948078 | ||
| 020 | _z9780833076847 (pbk.) | ||
| 020 | _z9780833077882 | ||
| 040 |
_aCaPaEBR _cCaPaEBR |
||
| 035 | _a(OCoLC)813288164 | ||
| 043 | _an-us--- | ||
| 050 | 1 | 4 |
_aHG4930 _b.D585 2012eb |
| 100 | 1 | _aDixon, Lloyd S. | |
| 245 | 1 | 0 |
_aHedge funds and systemic risk _h[electronic resource] / _cLloyd Dixon, Noreen Clancy, Krishna B. Kumar. |
| 260 |
_aSanta Monica, Calif. : _bRAND Corporation, _c2012. |
||
| 300 |
_axxx, 115 p. : _bcol. ill. |
||
| 490 | 1 | _aRand Corporation monograph series | |
| 500 | _a"MG-1236-CCEG"--P. 4 of cover. | ||
| 504 | _aIncludes bibliographical references (p. 107-115). | ||
| 533 |
_aElectronic reproduction. _bPalo Alto, Calif. : _cebrary, _d2013. _nAvailable via World Wide Web. _nAccess may be limited to ebrary affiliated libraries. |
||
| 650 | 0 |
_aHedge funds _zUnited States. |
|
| 650 | 0 |
_aMutual funds _zUnited States. |
|
| 655 | 7 |
_aElectronic books. _2local |
|
| 700 | 1 | _aClancy, Noreen. | |
| 700 | 1 | _aKumar, Krishna B. | |
| 710 | 2 | _aRand Corporation. | |
| 710 | 2 | _aebrary, Inc. | |
| 830 | 0 | _aRand Corporation monograph series. | |
| 856 | 4 | 0 |
_uhttp://site.ebrary.com/lib/rucke/Doc?id=10678746 _zAn electronic book accessible through the World Wide Web; click to view |
| 999 |
_c59900 _d59900 |
||